Movies Quiz

Random Movies Quiz

Pirates of the Caribbean Characters Quiz Stats

 Plays Quiz not verified by Sporcle

Score 0/45 Timer 08:00
0 Plays Today
% Correct
Jack Sparrow
96.1%
Elizabeth Swan
89%
William Turner
85.8%
Davy Jones
72.4%
Hector Barbossa
65.2%
Gibbs
58.7%
James Norrington
54.4%
Cotton
51.6%
Bootstrap Bill Turner
50.1%
Tia Dalma
47.3%
Pintel
47.3%
Ragetti
46.7%
Marty
43.2%
Sao Feng
42.8%
Jack the Monkey
39.5%
Calypso
31.1%
Lord Cutler Becket
30.2%
Anamaria
28.1%
Cotton's Parrot
23.1%
Captain Teague
22.7%
Mullroy
21.6%
Murtogg
21.6%
Kraken
21.4%
% Correct
Mistress Ching
18.2%
Scarlett
17.1%
Mercer
16.2%
Giselle
16.2%
Gillette
11.7%
Governer Swan
10.6%
Twigg
9.5%
Black Pearl
8.2%
Mr. Brown
8.2%
Tai Huang
8%
Flying Dutchman
8%
Larry
6.7%
Interceptor
6.3%
Sri Sumbhajee
5.2%
Dauntless
5.2%
Endeavour
4.5%
Empress
3.9%
Ammand the Corsair
3.5%
Eduardo Villaneuva
3.2%
Moray
2.8%
Captaine Chevalle
2.6%
Gentelman Jocard
1.5%

You're not logged in!

Compare scores with friends on all Sporcle quizzes.
OR
Log In

Show Comments

Extras

Top Quizzes Today


Score Distribution

Your Account Isn't Verified!

In order to create a playlist on Sporcle, you need to verify the email address you used during registration. Go to your Sporcle Settings to finish the process.

Report this User

Report this user for behavior that violates our Community Guidelines.

Details: